|
|
|
|
| LEADER |
01735cas a2200253 a 4500 |
| 001 |
AALejournalIMF007642 |
| 008 |
230101c9999 xx r poo 0 0eng d |
| 020 |
|
|
|c 5.00 USD
|
| 020 |
|
|
|z 9781451854961
|
| 022 |
|
|
|a 1018-5941
|
| 040 |
|
|
|a BD-DhAAL
|c BD-DhAAL
|
| 100 |
1 |
|
|a Dabla-Norris, Era.
|
| 245 |
1 |
4 |
|a The Enforcement of Property Rights and Underdevelopment /
|c Era Dabla-Norris, Scott Freeman.
|
| 264 |
|
1 |
|a Washington, D.C. :
|b International Monetary Fund,
|c 1999.
|
| 300 |
|
|
|a 1 online resource (22 pages)
|
| 490 |
1 |
|
|a IMF Working Papers
|
| 500 |
|
|
|a <strong>Off-Campus Access:</strong> No User ID or Password Required
|
| 500 |
|
|
|a <strong>On-Campus Access:</strong> No User ID or Password Required
|
| 506 |
|
|
|a Electronic access restricted to authorized BRAC University faculty, staff and students
|
| 520 |
3 |
|
|a This paper formalizes the role of legal infrastructure in economic development in a general equilibrium model with endogenously determined property rights enforcement. It illustrates the mutual importance of property rights protection and market production by the model's multiplicity of equilibria. In one equilibrium, property rights are enforced and market activity is unhampered. In the other, property rights are not enforced, which discourages economic activity and leaves the economy without the resources and incentives to enforce property rights. Even identically endowed economies may therefore find themselves in very different equilibria.
|
| 538 |
|
|
|a Mode of access: Internet
|
| 700 |
1 |
|
|a Freeman, Scott.
|
| 830 |
|
0 |
|a IMF Working Papers; Working Paper ;
|v No. 1999/127
|
| 856 |
4 |
0 |
|z Full text available on IMF
|u http://elibrary.imf.org/view/journals/001/1999/127/001.1999.issue-127-en.xml
|z IMF e-Library
|